Myla : Titres de chansons - Statistiques

Statistiques générales
  • Ce quiz a été pris 3 fois
  • Le résultat moyen est 6 sur 9
Statistiques - réponses
Paroles Titre % Correct
"Oh I'm sorry for how bad I've been but I ain't stopping here" 911
100%
"Bruises I can't forget they just won't leave me alone, leave me alone" Dark Red Typography
67%
"Are you enjoying this little rendez-vous, still, let me introduce" Lovesick Recipe
67%
"When the world surrounds and crumbles all around you, I will make the sky turn blue" Stars
67%
"I'm a fool for you, I think I like it too, all the things I'm ready to do, I'll do it just for you" Sweet Melodies
67%
"And when you're light years away, I'll still be drifting into space" Under The Same Moon
67%
"And every night, wishing I called him mine, and every time, they wish I had a warning sign" Venom
67%
"Don't like that guy you became but you say it's all in my head" Walk Away
67%
"Doors I've tried to open, locked forever, had to give up so I could break through" Take Me Home
33%
Aucun quiz correspondant
Distribution des résultats
% des personnes avec chaque résultat
Percentile par nombre de réponses
Votre historique - résultats
Vous n’avez pas pris ce quiz